| 000 -LEADER |
| fixed length control field |
00332 a2200133 4500 |
| 003 - CONTROL NUMBER IDENTIFIER |
| control field |
OSt |
| 005 - DATE AND TIME OF LATEST TRANSACTION |
| control field |
20240116150047.0 |
| 008 - FIXED-LENGTH DATA ELEMENTS--GENERAL INFORMATION |
| fixed length control field |
240116b ||||| |||| 00| 0 eng d |
| 020 ## - INTERNATIONAL STANDARD BOOK NUMBER |
| International Standard Book Number |
9780140154603 |
| 100 ## - MAIN ENTRY--PERSONAL NAME |
| Personal name |
Bhatia, Gautam, |
| Dates associated with a name |
1952-; |
| 245 ## - TITLE STATEMENT |
| Title |
Laurie Baker, life, work, writings |
| 260 ## - PUBLICATION, DISTRIBUTION, ETC. (IMPRINT) |
| Name of publisher, distributor, etc |
Penguin India |
| Date of publication, distribution, etc |
2000 |
| 942 ## - ADDED ENTRY ELEMENTS (KOHA) |
| Source of classification or shelving scheme |
|